Nazwy parlamentów 50 najpotężniejszych państw świata - Statystyki

Ogólne statystyki
  • Ten quiz został rozwiązany 46 razy
  • Średni wynik to 13 z 40
Statystyki odpowiedzi
Nazwa parlamentu Państwo % Poprawnych
Kongres – Senat i Izba Reprezentantów Filipiny / Kolumbia / Stany Zjednoczone
100%
Parlament – Senat i Sejm Polska
100%
Bundestag i Rada Federalna Niemcy
86%
Zgromadzenie Federalne – Rada Kantonów i Rada Narodu Szwajcaria
86%
Parlament – Izba Lordów i Izba Gmin Wielka Brytania
86%
Kneset (jednoizbowy) Izrael
74%
Kortezy Generalne – Senat i Kongres Deputowanych Hiszpania
69%
Riksdag (jednoizbowy) Szwecja
60%
Zgromadzenie Federalne – Rada Federacji i Duma Rosja
57%
Folketinget (jednoizbowy) Dania
54%
Islamskie Zgromadzenie Konsultatywne (jednoizbowy) Iran
54%
Storting (jednoizbowy) Norwegia
54%
Zgromadzenie Przedstawicieli Ludowych (jednoizbowy) Chiny
49%
Eduskunta (jednoizbowy) Finlandia
43%
Oireachtas – Seanad Éireann i Dáil Éireann Irlandia
40%
Brak parlamentu Arabia Saudyjska
34%
Parlament – Senat i Zgromadzenie Narodowe Francja / Pakistan
29%
Stany Generalne – Pierwsza Izba i Druga Izba Holandia
17%
Parlament – Senat i Izba Deputowanych Rumunia / Włochy
17%
Kongres Narodowy – Senat i Izba Deputowanych Argentyna / Brazylia / Chile
14%
Parlament – Senat i Izba Gmin Kanada
14%
Wielkie Zgromadzenie Narodowe (jednoizbowy) Turcja
14%
Parlament – Rada Szury i Zgromadzenie Ludowe Egipt
11%
Parlament – Rada Federacji i Rada Narodowa Austria
9%
Parlament – Senat i Izba Poselska Czechy
9%
Ludowe Zgromadzenie Doradcze – Regionalna Rada Reprezentantów i Ludowa Izba Reprezentantów Indonezja
9%
Kongres – Senat i Izba Deputowanych Meksyk
9%
Parlament – Narodowa Rada Prowincji i Zgromadzenie Narodowe Republika Południowej Afryki
9%
Parlament – Senat i Izba Reprezentantów Australia / Malezja
6%
Parlament federalny – Senat i Izba Reprezentantów Belgia
6%
Zgromadzenie Narodowe – Izba Radców i Izba Reprezentantów Japonia
6%
Izba Reprezentantów (jednoizbowy) Nowa Zelandia
6%
Kongres Republiki (jednoizbowy) Peru
6%
Zgromadzenie Republiki (jednoizbowy) Portugalia
6%
Zgromadzenie Narodowe (jednoizbowy) Bangladesz / Korea Południowa / Wietnam
3%
Parlament – Izba Stanów i Izba Ludowa Indie
3%
Rada Reprezentantów (jednoizbowy) Irak
3%
Zgromadzenie Narodowe – Senat i Izba Reprezentantów Nigeria / Tajlandia
3%
Parlament (jednoizbowy) Singapur
3%
Federalna Rada Narodowa (jednoizbowy) Zjednoczone Emiraty Arabskie
3%
Nie znaleziono quizów pasujących do podanych kryteriów
Rozkład punktacji
Procent ludzi z każdym wynikiem
Percentyl według liczby udzielonych odpowiedzi
Twoja historia wyników
Nie rozwiązałeś tego quizu